000 00632nam a2200193Ia 4500
005 20250508165711.0
008 008 250505s9999 xx 000 0 eng d
037 _aTheses
040 _aFEDL
_beng
_cFEDL
041 _aeng
_2eng
084 _a420.7, MIR/TH
_qFEDL
100 _aMirbekovna Musaeva Cholpon
_9781662
245 0 _aIn-service EFL teacher training programmes and changes in teachers' awareness and practice-a study
260 _c2014
490 _vVol. 1
546 _aPh.D Thesis (EFL University Hyderabad); Gifted by Prof. Rama Mathew
942 _cTH
_h420.7, MIR/TH
999 _c1396844
_d1396844